NLSUI OPAC header image

The history of cinema for beginners (Record no. 113912)

MARC details
000 -LEADER
fixed length control field 01215nam a22001937a 4500
003 - CONTROL NUMBER IDENTIFIER
control field OSt
005 - DATE AND TIME OF LATEST TRANSACTION
control field 20200910122252.0
008 - FIXED-LENGTH DATA ELEMENTS--GENERAL INFORMATION
fixed length control field 190725b2010 ||||| |||| 00| 0 eng
020 ## - INTERNATIONAL STANDARD BOOK NUMBER
International Standard Book Number 9788125024705
040 ## - CATALOGING SOURCE
Transcribing agency nls
082 ## - DEWEY DECIMAL CLASSIFICATION NUMBER
Classification number 791.4309 KUP
100 ## - MAIN ENTRY--PERSONAL NAME
Personal name Kupsc Jarek
245 ## - TITLE STATEMENT
Title The history of cinema for beginners
260 ## - PUBLICATION, DISTRIBUTION, ETC.
Place of publication, distribution, etc. Hyderabad
Name of publisher, distributor, etc. Orient BlackSwan
Date of publication, distribution, etc. 2010
300 ## - PHYSICAL DESCRIPTION
Extent HB
505 ## - FORMATTED CONTENTS NOTE
Formatted contents note About this Item: Orient BlackSwan, New Delhi, India, 2003. Paperback. Condition: New. Jarek Kup (illustrator). Reprint. The documentary comic books of the For Beginners series deal with complex and serious subjects. They attempt to untimidate and uncomplicate the great ideas and work of great thinkers. The movements and concepts dealt with are placed in their historical, political and intellectual contexts. The books are painstakingly researched, humourouly written and enlivened with classic comic-strip illustrations, photographs, paintings, etc. The range of subjects covered is truly vast and varied Malcom X and the New Age guru Castenanda, Shakespeare and Foucault, Jewish Holocaust and Arab and Israel, Structuralism and Biology. Printed Pages: 380
600 ## - SUBJECT ADDED ENTRY--PERSONAL NAME
Personal name Motion Pictures
942 ## - ADDED ENTRY ELEMENTS (KOHA)
Source of classification or shelving scheme Dewey Decimal Classification
Koha item type BOOKs
Holdings
Withdrawn status Lost status Source of classification or shelving scheme Materials specified (bound volume or other part) Damaged status Not for loan Home library Current library Shelving location Date acquired Source of acquisition Coded location qualifier Total Checkouts Total Renewals Full call number Barcode Date last seen Date last checked out Price effective from Koha item type
    Dewey Decimal Classification PB     NLS NLS General Stacks 25/07/2019 Purchased MPPSECTION 2 1 791.4309 KUP 37468 03/01/2025 06/12/2024 25/07/2019 BOOKs